000 00576nam a2200217Ia 4500
003 OSt
005 20220926041008.0
006 a|||||r|||| 00| 0
007 ta
008 220923b |||||||| |||| 00| 0 eng d
037 _cGeneral Book
040 _aRTL
_cRTL
_beng
041 _2eng
_aeng
082 _aXv1.N, F2
100 _aBonar James
_980417
245 0 _aPhilosophy and political economy
250 _aEd.3
490 _aMurihead library of Philosophy. Ed. by H D Lewis
942 _hXv1.N, F2
_cGB
_2CC
999 _c666159
_d666159